Полиядерные триметилацетаты никеля и кобальта: магнитноактивные кластеры и модели металлоферментов: автореферат диссертации на соискание ученой степени доктора химических наук: 02.00.01

Bibliographic Details
Main Author: Сидоров А. А. Алексей Анатольевич
Corporate Author: Российская академия наук (РАН) Институт общей и неорганической химии им. Н. С. Курнакова (ИОНХ)
Other Authors: Еременко И. Л. (научный руководитель)
Language:Russian
Published: Москва, [Б. и.], 2002
Subjects:
Format: Book
KOHA link:https://koha.lib.tpu.ru/cgi-bin/koha/opac-detail.pl?biblionumber=40344

MARC

LEADER 00000nam0a2200000 4500
001 40344
005 20231101210620.0
035 |a (RuTPU)RU\TPU\book\41388 
090 |a 40344 
100 |a 20020513d2002 k y0rusy50 ca 
101 0 |a rus 
102 |a RU 
105 |a a dm 001zy 
200 1 |a Полиядерные триметилацетаты никеля и кобальта: магнитноактивные кластеры и модели металлоферментов  |e автореферат диссертации на соискание ученой степени доктора химических наук: 02.00.01  |f А. А. Сидоров  |g Российская академия наук (РАН), Институт общей и неорганической химии им. Н. С. Курнакова (ИОНХ) ; науч. рук. И. Л. Еременко 
210 |a Москва  |c [Б. и.]  |d 2002 
215 |a 46 с.  |c ил. 
229 |a Защита состоится 22 мая 2002 г. в Институте общей и неорганической химии 
320 |a Библиогр.: с. 43-46 
606 1 |a Кобальт  |x Химия  |2 stltpush  |3 (RuTPU)RU\TPU\subj\14591  |9 40958 
606 1 |a Никель  |x Химия  |2 stltpush  |3 (RuTPU)RU\TPU\subj\75226  |9 87086 
610 1 |a неорганическая химия 
610 1 |a органические вещества 
610 1 |a термолиз 
610 1 |a химическая деструкция 
610 1 |a авторефераты диссертаций 
675 |a 546.73(04)  |v 3 
675 |a 546.74(04)  |v 3 
686 |a 02.00.01  |2 oksvnk 
700 1 |a Сидоров  |b А. А.  |g Алексей Анатольевич 
702 1 |a Еременко  |b И. Л.  |4 727 
712 0 2 |a Российская академия наук (РАН)  |b Институт общей и неорганической химии им. Н. С. Курнакова (ИОНХ)  |c (Москва)  |2 stltpush  |3 (RuTPU)RU\TPU\col\395 
801 1 |a RU  |b 63413507  |c 20020513  |g PSBO 
801 2 |a RU  |b 63413507  |c 20160324  |g PSBO 
942 |c BK